000 00447nam a2200193 a 4500
001 867
003 CO-ViMGA
008 141112s2004 ck r 000 u spa d
040 _aCO-ViMGA
_bspa
_cCO-ViMGA
082 0 4 _a863.64 P139a
100 1 _aPáez, Enrique
245 1 0 _aAbdel
250 _a2a
260 _aMadrid :
_bS.M,
_c1994
300 _a108 p
490 _aEl barco de vapor, 76
650 1 4 _aNOVELA ESPAÑOLA
_9488
942 _2ddc
_cBK
999 _c13097
_d13097